[Event "GER-ch Seniors 65 31st"]
[Site "Radebeul"]
[Date "2019.04.28"]
[Round "3"]
[White "Hoehne, Peter"]
[Black "Gabriel, Rolf"]
[Result "1-0"]
[WhiteElo "1925"]
[BlackElo "1726"]
[PlyCount "105"]
[EventDate "2019.04.26"]
[EventType "swiss"]
[EventRounds "9"]
[EventCountry "GER"]
[SourceTitle "CBM 190 Extra"]
[Source "ChessBase"]
[SourceDate "2019.07.15"]
[SourceVersion "1"]
[SourceVersionDate "2019.07.15"]
[SourceQuality "1"]

1. e4 e6 2. d4 d5 3. e5 c5 4. c3 Nc6 5. Nf3 Nh6 6. Bd3 cxd4 7. cxd4 f6 8. Bxh6 gxh6 9. exf6 Qxf6 10. 0-0 Ne7 11. Ne5 Bg7 12. Qh5+ Kf8 13. Nc3 Nc6 14. Bb5 Qf5 15. Qxf5+ exf5 16. Nxc6 bxc6 17. Bxc6 Rb8 18. Nb5 a6 19. Nd6 Ke7 20. Nxc8+ Rbxc8 21. Bxd5 Bxd4 22. Rad1 Bxb2 23. Rfe1+ Kf6 24. Bb3 Rhe8 25. Rxe8 Rxe8 26. Kf1 a5 27. f4 Re4 28. g3 Rd4 29. Re1 Kg7 30. Re7+ Kg6 31. Re6+ Kg7 32. Re5 Rd2 33. Rxf5 Rxh2 34. Rxa5 Bd4 35. Rd5 Bf2 36. g4 Bg3 37. Rd7+ Kh8 38. f5 Bf4 39. f6 Rd2 40. f7 Kg7 41. f8Q+ Kxf8 42. Rf7+ Kg8 43. Rxf4+ Kg7 44. Rf7+ Kg6 45. Rc7 Rd6 46. Bc2+ Kg5 47. Rg7+ Kh4 48. Bxh7 Rd4 49. Bf5 Kg3 50. Ke2 Rf4 51. Ke3 Rf3+ 52. Kd4 Ra3 53. Bd3 1-0